Band Name Mashups - Statistics

General Stats
  • This quiz has been taken 12 times
  • The average score is 4 of 13
Answer Stats
Hint Answer % Correct
Imagine Stones Imagine Dragons and Rolling Stones
91%
Depeche Republic Depeche Mode and One Republic
73%
Green Fighters Green Day and Foo Fighters
73%
Arcade 182 Arcade Fire and Blink 182
55%
Joy Heads Joy Division and Talking Heads
36%
Pink Flatts Pink Floyd and Rascal Flatts
36%
Fitz Ferdinand Fitz and the Tantrums and Franz Ferdinand
18%
LCD Jam LCD Soundsystem and Pearl Jam
18%
Young the Order Young the Giant and New Order
18%
Black Stripes Black Keys and White Stripes
9%
Dirty Pilots Dirty Heads and Twenty One Pilots
9%
Magnetic Go Magnetic Fields and OK Go
0%
Vampire Tins Vampire Weekend and Tin Tins
0%
No matching quizzes found
Score Distribution
Percent of People with Each Score
Percentile by Number Answered
Your Score History
You have not taken this quiz